Nhật kí Nancy Câu chuyện có thật của một thiếu nữ 14 tuổi Nhiễm HIV
Đã lưu trong:
| Príomhúdar: | |
|---|---|
| Údair Eile: | |
| Formáid: | Leabhar |
| Foilsithe: |
Tp. Hồ Chí Minh
trẻ
2006
|
| Ábhair: | |
| Clibeanna: |
Cuir Clib Leis
Gan Chlibeanna, Bí ar an gcéad duine leis an taifead seo a chlibeáil!
|
| Thư viện lưu trữ: | Trung tâm Học liệu Lê Vũ Hùng, Trường Đại học Đồng Tháp |
|---|
| LEADER | 00936aam a22003378a 4500 | ||
|---|---|---|---|
| 001 | 00036059 | ||
| 005 | 20171026081025.0 | ||
| 008 | 170116s2006 ||||||Viesd | ||
| 020 | # | # | |c 45000 |
| 041 | 0 | # | |a Vie |
| 082 | 1 | 4 | |a 813 |b NH124K |
| 100 | 1 | # | |a Beatrice , Sparks |
| 245 | 1 | 0 | |a Nhật kí Nancy |c Beatrice Sparks;Dịch: Trần Hữu Kham |b Câu chuyện có thật của một thiếu nữ 14 tuổi Nhiễm HIV |
| 260 | # | # | |a Tp. Hồ Chí Minh |b trẻ |c 2006 |
| 300 | # | # | |a 355tr. |c 19cm. |
| 653 | # | # | |a Mỹ |
| 653 | # | # | |a Nhật kí |
| 653 | # | # | |a Văn học hiện đại |
| 700 | 1 | # | |a Trần Hữu Kham |
| 852 | # | # | |b Kho đọc |j KD.0017675 |
| 852 | # | # | |j KD.0017675 |
| 910 | |d 16/01/2017 | ||
| 980 | # | # | |a Trung tâm Học liệu Lê Vũ Hùng, Trường Đại học Đồng Tháp |